Analýza využití strategie kooperace do oblasti zdravotnických služeb

Odvetvie zdravotníckych služieb a jeho špecifiká. Systém zabezpečenia zdravotnej starostlivosti v Českej republike. Význam tvorby kooperačnej stratégie v zdravotnej starostlivosti.

Salvato in:
Dettagli Bibliografici
Autore principale: Šebestová, Jarmila
Natura: Capitolo di libro
Lingua:ceco
Soggetti:
Tags: Aggiungi Tag
Nessun Tag, puoi essere il primo ad aggiungerne!!

MARC

LEADER 00000nla$a2200000$$$4500
001 0132413
005 20240209070823.2
041 0 |a cze 
044 |a CZ 
245 1 0 |a Analýza využití strategie kooperace do oblasti zdravotnických služeb  |c Jarmila Šebestová 
520 |a Odvetvie zdravotníckych služieb a jeho špecifiká. Systém zabezpečenia zdravotnej starostlivosti v Českej republike. Význam tvorby kooperačnej stratégie v zdravotnej starostlivosti. 
610 2 0 |a klaster 
610 2 0 |a Česko 
610 2 0 |a starostlivosť zdravotná 
610 2 0 |a služby zdravotnícke 
610 2 0 |a stratégia podnikateľská 
610 2 0 |a kooperácia 
610 2 0 |a výskum 
610 2 0 |a plánovanie 
100 1 |a Šebestová, Jarmila